[Event "BL 0506 SC Kreuzberg - SV Wattenscheid"]
[Site "?"]
[Date "2006.02.19"]
[Round "11.8"]
[White "Loeffler, Stefan"]
[Black "Thiel, Thomas"]
[Result "1-0"]
[WhiteElo "2440"]
[BlackElo "2308"]
[PlyCount "81"]
[EventDate "2006.??.??"]

1. Nf3 d5 2. d4 e6 3. c4 Nf6 4. Nc3 Bb4 5. cxd5 exd5 6. Bg5 O-O 7. Rc1 c6 8. e3
Bf5 9. Qb3 Bxc3+ 10. bxc3 Qb6 11. Bxf6 Qxb3 12. axb3 gxf6 13. Kd2 Nd7 14. Bd3
Bg6 15. Ra1 Nb6 16. Ra5 Nc8 17. c4 Ne7 18. Rc1 Rfd8 19. Ne1 Kg7 20. Be2 b6 21.
Ra6 c5 22. Bf3 cxd4 23. exd4 Nc6 24. Kc3 Rac8 25. Nc2 Rc7 26. Ne3 Ne7 27. Rd1
Bf5 28. Rda1 dxc4 29. Rxa7 Rdd7 30. Rxc7 Rxc7 31. bxc4 Bc8 32. Rb1 Ra7 33. Rxb6
Ra3+ 34. Rb3 Ra2 35. Rb2 Ra3+ 36. Kb4 Rd3 37. d5 Ng6 38. Be4 Rd4 39. f3 f5 40.
Bxf5 Ba6 41. Be4 1-0

[Event "BL 0506 SF Berlin - Solinger SG"]
[Site "?"]
[Date "2006.02.19"]
[Round "11.3"]
[White "Sandipan, Chanda"]
[Black "Schneider, Ilja"]
[Result "1/2-1/2"]
[WhiteElo "2560"]
[BlackElo "2392"]
[PlyCount "131"]
[EventDate "2006.??.??"]

1. e4 c5 2. Nf3 Nc6 3. Bb5 e6 4. O-O Nge7 5. b3 a6 6. Bxc6 Nxc6 7. Bb2 b5 8. c4
bxc4 9. bxc4 Rb8 10. Bc3 Qc7 11. d3 d6 12. Na3 e5 13. Nc2 Be7 14. Ne3 O-O 15.
Rb1 Rxb1 16. Qxb1 Be6 17. Qc2 Nd4 18. Bxd4 cxd4 19. Nd5 Bxd5 20. exd5 Rc8 21.
Rb1 e4 22. dxe4 Qxc4 23. Qxc4 Rxc4 24. Rb8+ Bf8 25. g3 d3 26. e5 dxe5 27. d6 d2
28. Nxd2 Rd4 29. Nc4 f6 30. Ra8 Kf7 31. d7 Be7 32. Nb6 Rd6 33. Rb8 Ke6 34. a4
a5 35. Kg2 g5 36. g4 Bd8 37. Rxd8 Rxb6 38. Ra8 Kxd7 39. Rxa5 Rb4 40. h3 e4 41.
Ra7+ Ke6 42. a5 Ra4 43. a6 Ra1 44. Ra8 Kf7 45. Kg3 Ra3+ 46. Kh2 Ra2 47. Kg1
Ra1+ 48. Kg2 Kg7 49. Kg3 Rg1+ 50. Kh2 Rf1 51. Kg2 Ra1 52. a7 h6 53. Kg3 Ra3+
54. Kh2 Ra1 55. Kg2 Kh7 56. Rf8 Rxa7 57. Rxf6 Kg7 58. Rb6 Ra3 59. Rb4 e3 60. f3
Ra1 61. Re4 Re1 62. f4 gxf4 63. Rxf4 h5 64. g5 e2 65. Re4 h4 66. Kh2 1/2-1/2

[Event "BL 0506 SF Berlin - Solinger SG"]
[Site "?"]
[Date "2006.02.19"]
[Round "11.5"]
[White "Gabriel, Christian"]
[Black "Thiede, Lars"]
[Result "0-1"]
[WhiteElo "2531"]
[BlackElo "2417"]
[PlyCount "52"]
[EventDate "2006.??.??"]

1. d4 g6 2. c4 Nf6 3. Nc3 Bg7 4. e4 d6 5. Nf3 O-O 6. Be2 Na6 7. Bf4 Nd7 8. Qd2
e5 9. Bg5 Qe8 10. O-O f5 11. exf5 gxf5 12. Rfe1 Qf7 13. Rad1 c6 14. d5 e4 15.
dxc6 bxc6 16. Qxd6 exf3 17. Bxf3 Nf6 18. Bxc6 Rb8 19. Re7 Qg6 20. Bf4 Rxb2 21.
Be5 Rxf2 22. Rd3 f4 23. Bxf6 Bxf6 24. Bd5+ Kh8 25. Re6 Rf1+ 26. Kxf1 Qxd3+ 0-1

[Event "BL 0506 SF Berlin - Solinger SG"]
[Site "?"]
[Date "2006.02.19"]
[Round "11.6"]
[White "Thinius, Marco"]
[Black "Werle, Jan"]
[Result "1-0"]
[WhiteElo "2353"]
[BlackElo "2509"]
[PlyCount "139"]
[EventDate "2006.??.??"]

1. e4 e5 2. Nf3 Nc6 3. Bb5 a6 4. Bxc6 dxc6 5. O-O f6 6. d4 Bg4 7. c3 Bd6 8. Be3
Ne7 9. Nbd2 Qd7 10. dxe5 fxe5 11. h3 Be6 12. Ng5 Bg8 13. Qh5+ Ng6 14. Nb3 O-O-O
15. Rfd1 Qe8 16. Qg4+ Kb8 17. Nc5 h5 18. Qf3 Nf4 19. Nd3 Ne6 20. Qg3 h4 21. Qf3
Qg6 22. Qg4 Re8 23. Nxe6 Qxg4 24. hxg4 Bxe6 25. f3 Ref8 26. Nf2 Be7 27. Rd2 b6
28. Kh2 Kb7 29. a3 a5 30. Kh3 Rd8 31. Rxd8 Rxd8 32. Rd1 Rxd1 33. Nxd1 Ka6 34.
Nf2 Kb5 35. Nd3 Bf6 36. Kh2 Kc4 37. Nc1 c5 38. Kg1 b5 39. Bd2 a4 40. Kf2 Be7
41. Ke2 Bc8 42. Kd1 Ba6 43. Kc2 b4 44. Be3 bxa3 45. bxa3 Kb5 46. Nd3 c4 47.
Nxe5 Bxa3 48. Ng6 Kc6 49. Bd4 Kd7 50. Bxg7 Bd6 51. Nxh4 Ke6 52. Nf5 Bc5 53. Bd4
Bf8 54. g5 Kf7 55. Be5 Kg6 56. Bxc7 Kxg5 57. Bd6 Bh6 58. Nxh6 Kxh6 59. Kd2 Kg6
60. Ke3 Bc8 61. Kd4 Be6 62. Ke5 Kf7 63. f4 Bg4 64. f5 Be2 65. Kf4 Ke8 66. g4
Kd7 67. Ba3 Ke8 68. g5 Kf7 69. e5 Bd3 70. e6+ 1-0

[Event "BL 0506 SF Berlin - Solinger SG"]
[Site "?"]
[Date "2006.02.19"]
[Round "11.8"]
[White "Wendt, Jan-Dietrich"]
[Black "Ernst, Sipke"]
[Result "1/2-1/2"]
[WhiteElo "2331"]
[BlackElo "2473"]
[PlyCount "87"]
[EventDate "2006.??.??"]

1. c4 e6 2. Nc3 d5 3. d4 Nf6 4. Bg5 Nbd7 5. e3 c6 6. Nf3 Qa5 7. cxd5 Nxd5 8.
Qd2 Bb4 9. Rc1 O-O 10. a3 Bxc3 11. bxc3 f6 12. Bh4 Qxa3 13. e4 Ne7 14. Bc4 Ng6
15. Bg3 Qe7 16. h4 Nh8 17. O-O Nf7 18. Rfe1 Kh8 19. Ba2 e5 20. h5 Nh6 21. Nh4
Qe8 22. Qd1 Nb6 23. Nf5 Bxf5 24. exf5 Nxf5 25. Bh2 Nd7 26. Qg4 Nh6 27. Qh3 Qe7
28. f4 e4 29. f5 Nf7 30. Qg4 Ng5 31. Bf4 Rae8 32. Qg3 Qa3 33. Ra1 Qa5 34. Bf7
Qxf5 35. Bxe8 Rxe8 36. Rxa7 Ne6 37. Be3 Qxh5 38. Rxb7 Ndf8 39. Ra1 Ng6 40. Raa7
f5 41. Rb8 Qd1+ 42. Kh2 Qh5+ 43. Kg1 Qd1+ 44. Kh2 1/2-1/2

[Event "BL 0506 Hamburger SK - SG Kirchheim"]
[Site "?"]
[Date "2006.02.18"]
[Round "10.1"]
[White "Wippermann, Till"]
[Black "Gustafsson, Jan"]
[Result "1/2-1/2"]
[WhiteElo "2446"]
[BlackElo "2615"]
[PlyCount "54"]
[EventDate "2006.??.??"]

1. e4 c6 2. d4 d5 3. Nc3 dxe4 4. Nxe4 Bf5 5. Ng3 Bg6 6. Nh3 Nf6 7. Nf4 e5 8.
Nxg6 hxg6 9. dxe5 Qa5+ 10. Bd2 Qxe5+ 11. Qe2 Qxe2+ 12. Bxe2 Nbd7 13. h3 Bd6 14.
O-O-O O-O 15. Rhe1 Bc5 16. Rf1 Rfe8 17. Rde1 a5 18. Bd1 Rxe1 19. Bxe1 Bb4 20.
a3 Bxe1 21. Rxe1 Kf8 22. Bf3 Nc5 23. Re3 Rd8 24. Re5 Nfd7 25. Re2 Nf6 26. Re5
Nfd7 27. Re3 Nf6 1/2-1/2

[Event "BL 0506 Hamburger SK - SG Kirchheim"]
[Site "?"]
[Date "2006.02.18"]
[Round "10.2"]
[White "Ftacnik, Lubomir"]
[Black "Gschnitzer, Oswald Dr"]
[Result "1/2-1/2"]
[WhiteElo "2612"]
[BlackElo "2427"]
[PlyCount "84"]
[EventDate "2006.??.??"]

1. d4 Nf6 2. Nf3 e6 3. c4 b6 4. g3 Bb7 5. Bg2 Be7 6. O-O O-O 7. d5 exd5 8. Nh4
c6 9. cxd5 cxd5 10. Nc3 Na6 11. Nf5 Nc7 12. Bf4 d6 13. Bg5 h6 14. Bxf6 Bxf6 15.
Nxd5 Bxd5 16. Bxd5 Nxd5 17. Qxd5 Bxb2 18. Rad1 Qf6 19. Qf3 Rad8 20. Rd5 Rfe8
21. Rfd1 Re5 22. e4 Rxd5 23. Rxd5 Kh7 24. Qd3 g6 25. Ne3 Re8 26. Rxd6 Qc3 27.
Qd5 Re7 28. Rd7 Rxd7 29. Qxd7 Kg7 30. Qxa7 Qe1+ 31. Kg2 Bd4 32. Qa3 Qb1 33. Nd5
Qxe4+ 34. Qf3 Qc2 35. Qf4 Qc5 36. Qe4 Ba1 37. h4 h5 38. Nf4 Bf6 39. Qb7 Kg8 40.
Qb8+ Kg7 41. Qb7 Qd6 42. Nh3 Qc5 1/2-1/2

[Event "BL 0506 Hamburger SK - SG Kirchheim"]
[Site "?"]
[Date "2006.02.18"]
[Round "10.3"]
[White "Beckhuis, Gernod"]
[Black "Kempinski, Robert"]
[Result "0-1"]
[WhiteElo "2328"]
[BlackElo "2619"]
[PlyCount "134"]
[EventDate "2006.??.??"]

1. d4 Nf6 2. c4 g6 3. Nc3 Bg7 4. e4 O-O 5. Be2 d6 6. Nf3 e5 7. d5 Nbd7 8. Bg5
h6 9. Bh4 g5 10. Bg3 Nh5 11. h4 Nf4 12. hxg5 hxg5 13. Nh2 f5 14. exf5 Nc5 15.
Ng4 Bxf5 16. Ne3 Bg6 17. O-O e4 18. Qd2 Qe7 19. Rae1 Rae8 20. Bh2 Rf7 21. Ng4
Qd7 22. Bd1 a5 23. Re3 Qf5 24. Rg3 Ncd3 25. Nb5 Qd7 26. b3 c6 27. Nc3 Kf8 28.
Ne3 Qe7 29. Bg4 Be5 30. Ncd1 a4 31. bxa4 Kg7 32. a5 c5 33. Be6 Nxe6 34. dxe6
Bxg3 35. exf7 Bxh2+ 36. Kxh2 Qxf7 37. Nd5 Ne5 38. Qxg5 Nxc4 39. Nf4 Qf5 40.
Nh5+ Kf7 41. Qxf5+ Bxf5 42. Ne3 Be6 43. Ng3 Rh8+ 44. Kg1 Nxe3 45. fxe3+ Ke7 46.
Nxe4 Bd5 47. Nc3 Bc6 48. a6 bxa6 49. Rb1 Rg8 50. e4 Rg3 51. Nd5+ Ke6 52. Rb6
Bxd5 53. exd5+ Kxd5 54. Rxa6 Rg8 55. Kf2 Re8 56. Ra3 Kd4 57. Rh3 c4 58. Rh4+
Kd3 59. Rh3+ Kd2 60. Rh4 Rf8+ 61. Kg3 Kd3 62. Rh5 Rd8 63. Rd5+ Ke4 64. Rd1 c3
65. Kf2 c2 66. Re1+ Kd3 67. Re3+ Kd4 0-1

[Event "BL 0506 Hamburger SK - SG Kirchheim"]
[Site "?"]
[Date "2006.02.18"]
[Round "10.4"]
[White "Hansen, Sune Berg"]
[Black "Wintzer, Joachim Dr"]
[Result "1-0"]
[WhiteElo "2555"]
[BlackElo "2324"]
[PlyCount "55"]
[EventDate "2006.??.??"]

1. e4 e6 2. d4 d5 3. Nd2 c5 4. Ngf3 cxd4 5. exd5 Qxd5 6. Bc4 Qd6 7. Bb3 Nc6 8.
Ne4 Qd8 9. O-O Be7 10. Qe2 Nf6 11. Rd1 O-O 12. c3 Bd7 13. cxd4 Nxe4 14. Qxe4
Nb4 15. Ne5 Bc6 16. Nxc6 bxc6 17. Bf4 Qb6 18. Be5 Rfd8 19. Rac1 Rac8 20. Qg4
Bf8 21. Rc3 Nd5 22. Rh3 Ne7 23. Bxe6 fxe6 24. Qxe6+ Kh8 25. Rxh7+ Kxh7 26. Rd3
Ng8 27. Rh3+ Nh6 28. Rxh6+ 1-0

[Event "BL 0506 Hamburger SK - SG Kirchheim"]
[Site "?"]
[Date "2006.02.18"]
[Round "10.5"]
[White "Vonthron, Horst"]
[Black "Mueller, Karsten Dr"]
[Result "0-1"]
[WhiteElo "2339"]
[BlackElo "2489"]
[PlyCount "112"]
[EventDate "2006.??.??"]

1. e4 d5 2. exd5 Qxd5 3. Nc3 Qa5 4. d4 Nf6 5. Bd3 Bg4 6. f3 Bh5 7. Nge2 e6 8.
O-O c6 9. Nf4 Bg6 10. Ne4 Nbd7 11. c3 Be7 12. Qe2 Nd5 13. Bd2 Qc7 14. g3 O-O
15. Nxg6 hxg6 16. c4 N5f6 17. Bf4 Qb6 18. Be3 Nxe4 19. Bxe4 e5 20. dxe5 Bc5 21.
Bxc5 Qxc5+ 22. Qf2 Qxf2+ 23. Kxf2 Nxe5 24. b3 Rfe8 25. Rad1 a5 26. Bc2 a4 27.
bxa4 Nxc4 28. Rd7 b5 29. Rb1 Na3 30. Rc1 Nxc2 31. Rxc2 Rxa4 32. Rc7 Rea8 33.
R7xc6 Rxa2 34. Ke3 R8a3+ 35. Ke4 Ra1 36. Rb6 Re1+ 37. Kd4 Rxf3 38. Rxb5 Rf6 39.
Rbb2 Rd6+ 40. Kc5 Rd8 41. Kc4 Re7 42. Kb3 g5 43. Ka2 Ra7+ 44. Kb1 Rd1+ 45. Rc1
Ra1+ 46. Kxa1 Rxc1+ 47. Ka2 Kh7 48. Rd2 Kg6 49. Kb2 Rh1 50. g4 Rg1 51. h3 Rg3
52. Rh2 Kf6 53. Kc2 Ke5 54. Kd2 Kf4 55. Ke2 Re3+ 56. Kf1 Kg3 0-1

[Event "BL 0506 Hamburger SK - SG Kirchheim"]
[Site "?"]
[Date "2006.02.18"]
[Round "10.6"]
[White "Reeh, Oliver"]
[Black "Zuse, Klaus-Peter"]
[Result "1/2-1/2"]
[WhiteElo "2449"]
[BlackElo "2333"]
[PlyCount "83"]
[EventDate "2006.??.??"]

1. e4 c5 2. Nf3 d6 3. d4 cxd4 4. Nxd4 Nf6 5. Nc3 a6 6. Bg5 e6 7. f4 Qc7 8. Qd3
b5 9. Bxf6 gxf6 10. Be2 b4 11. Nd1 h5 12. a3 bxa3 13. Rxa3 Nd7 14. O-O Rb8 15.
Kh1 Rb6 16. Rc3 Qb8 17. Bf3 Nc5 18. Qd2 Bd7 19. Ra3 h4 20. c3 Nb3 21. Rxb3 Rxb3
22. Nxb3 Qxb3 23. Ne3 h3 24. g3 Bc6 25. Ng4 Be7 26. f5 Qb5 27. c4 Qb7 28. Qd3
Kf8 29. fxe6 fxe6 30. e5 Bxf3+ 31. Qxf3 Qxf3+ 32. Rxf3 dxe5 33. Nxe5 Rh5 34.
Ng6+ Kf7 35. Nf4 Rf5 36. g4 Rg5 37. Rxh3 Rxg4 38. Rh7+ Kg8 39. Rxe7 Rxf4 40.
Rxe6 Rxc4 41. Rxf6 Rb4 42. Rxa6 1/2-1/2

[Event "BL 0506 Hamburger SK - SG Kirchheim"]
[Site "?"]
[Date "2006.02.18"]
[Round "10.7"]
[White "Adler, Joel Dr"]
[Black "Heinemann, Thies"]
[Result "1/2-1/2"]
[WhiteElo "2318"]
[BlackElo "2441"]
[PlyCount "101"]
[EventDate "2006.??.??"]

1. d4 Nf6 2. c4 c5 3. d5 b5 4. Nf3 d6 5. cxb5 a6 6. e3 g6 7. Nc3 Bg7 8. a4 O-O
9. Ra3 Nbd7 10. Be2 axb5 11. Bxb5 Ba6 12. Bxa6 Rxa6 13. O-O Qa8 14. e4 Rb8 15.
Nb5 Ne8 16. Qc2 Rb7 17. Nd2 Nc7 18. Nxc7 Rxc7 19. Nc4 Nb6 20. b3 Nxc4 21. Qxc4
Rb7 22. Bd2 Rab6 23. Rb1 Qa6 24. Qxa6 Rxa6 25. Kf1 f5 26. exf5 gxf5 27. Ke2 e6
28. dxe6 d5 29. b4 Rxe6+ 30. Kd1 c4 31. a5 Rb5 32. a6 Re8 33. Ra5 Rxa5 34. bxa5
Ra8 35. Rb6 d4 36. Bf4 Bf8 37. Bb8 d3 38. Kd2 Bc5 39. Bf4 Kf7 40. Be3 Bxe3+ 41.
fxe3 Rc8 42. Kc3 Rc5 43. Rb7+ Kg6 44. a7 Rxa5 45. Kxc4 d2 46. Rd7 Rxa7 47. Rxd2
Ra3 48. Kd4 Kg5 49. Rf2 h5 50. g3 Ra4+ 51. Kd3 1/2-1/2

[Event "BL 0506 Hamburger SK - SG Kirchheim"]
[Site "?"]
[Date "2006.02.18"]
[Round "10.8"]
[White "Sebastian, Dirk"]
[Black "Mudelsee, Manfred Dr"]
[Result "1-0"]
[WhiteElo "2362"]
[BlackElo "2285"]
[PlyCount "111"]
[EventDate "2006.??.??"]

1. e4 c5 2. Nf3 d6 3. d4 cxd4 4. Nxd4 Nf6 5. Nc3 Nc6 6. Be2 g6 7. Be3 Bg7 8.
Qd2 O-O 9. O-O-O Nxd4 10. Bxd4 Be6 11. Kb1 b5 12. Bf3 Rc8 13. Nd5 Nxd5 14. Bxg7
Kxg7 15. exd5 Bf5 16. Rc1 Qb6 17. g4 Bd7 18. h4 Rc4 19. c3 e5 20. dxe6 fxe6 21.
h5 Rcf4 22. hxg6 hxg6 23. Rh3 Bc6 24. Bxc6 Qxc6 25. f3 Qd5 26. Qh2 Rxf3 27.
Rh7+ Kf6 28. Qh6 Qe4+ 29. Ka1 Rf7 30. Qh4+ g5 31. Rh6+ Ke7 32. Qxg5+ R7f6 33.
Qg7+ Rf7 34. Qg5+ R7f6 35. Rch1 d5 36. Rxf6 Rxf6 37. Rd1 Qf4 38. Qg7+ Rf7 39.
Qg8 Qf1 40. Qg5+ Kd7 41. Qd2 Rf2 42. Qd4 Kc6 43. Rb1 a5 44. g5 Qe2 45. a3 Rg2
46. Qh8 Qg4 47. Qc8+ Kb6 48. Qd8+ Ka6 49. Qd6+ Kb7 50. Qc5 Qe2 51. Qe7+ Kb6 52.
Qe8 Qe4 53. Qd8+ Kc6 54. Qxa5 Rxg5 55. Qa6+ Kc5 56. Qc8+ 1-0

[Event "BL 0506 Werder Bremen - OSC Baden Baden"]
[Site "?"]
[Date "2006.02.18"]
[Round "10.5"]
[White "Movsesian, Sergei"]
[Black "Babula, Vlastimil"]
[Result "1/2-1/2"]
[WhiteElo "2635"]
[BlackElo "2593"]
[PlyCount "61"]
[EventDate "2006.??.??"]

1. e4 c5 2. Nf3 d6 3. d4 cxd4 4. Nxd4 Nf6 5. Nc3 a6 6. Be3 e5 7. Nf3 Be7 8. Bc4
Be6 9. Bb3 O-O 10. O-O b5 11. Qd3 Nc6 12. Rfd1 h6 13. Nh4 Qc8 14. a3 Rd8 15.
Nf5 Bf8 16. Bb6 Rd7 17. Qf3 Bxf5 18. exf5 Ne7 19. Be3 Rd8 20. Bb6 Rd7 21. Be3
Rd8 22. g4 d5 23. g5 e4 24. Qh3 hxg5 25. Bxg5 Rd6 26. Bf4 Rc6 27. Kh1 d4 28.
Rxd4 Nxf5 29. Rdd1 Nd6 30. Qxc8 Raxc8 31. Bxd6 1/2-1/2

[Event "BL 0506 Werder Bremen - OSC Baden Baden"]
[Site "?"]
[Date "2006.02.18"]
[Round "10.6"]
[White "Nyback, Tomi"]
[Black "Dautov, Rustem"]
[Result "1/2-1/2"]
[WhiteElo "2563"]
[BlackElo "2581"]
[PlyCount "144"]
[EventDate "2006.??.??"]

1. Nf3 Nf6 2. c4 c6 3. Nc3 d5 4. d4 a6 5. c5 Bf5 6. Bf4 Nbd7 7. e3 e6 8. Nd2
Be7 9. Be2 Bg6 10. b4 O-O 11. O-O Qc8 12. a4 b6 13. cxb6 Nxb6 14. a5 Nbd7 15.
Na2 Qb7 16. Rc1 Rfc8 17. Rc3 Ne8 18. Qa4 Nd6 19. Bxd6 Bxd6 20. Nb3 e5 21. Nc5
Bxc5 22. bxc5 Rcb8 23. Bd1 Qb2 24. Qa3 exd4 25. exd4 Qxa3 26. Rxa3 Rb2 27. Ba4
Rc8 28. Nc3 Nf8 29. Ra2 Rb4 30. Rd1 Ne6 31. Ne2 Rxa4 32. Rxa4 Bc2 33. Rda1 Bxa4
34. Rxa4 Rb8 35. f3 Rb2 36. Kf1 h5 37. h4 g6 38. g3 Ng7 39. g4 hxg4 40. fxg4
Ne6 41. Ke1 Kg7 42. Kf1 Nc7 43. Ng1 Rb3 44. Kg2 Nb5 45. Nf3 Re3 46. Kf2 Re4 47.
Kg3 f6 48. Rb4 Kf7 49. Ra4 Ke7 50. Rb4 Kf7 51. Ra4 Ke6 52. Rb4 Ke7 53. Ra4 g5
54. Rb4 f5 55. hxg5 Rxg4+ 56. Kh3 Ke6 57. Ra4 Nc3 58. Rb4 Ne4 59. Ne5 Nxg5+ 60.
Kh2 Rxd4 61. Rxd4 Kxe5 62. Rb4 Ne4 63. Rb6 Nxc5 64. Rxc6 Kd4 65. Kg3 Kc4 66.
Kf4 d4 67. Ke5 Kb5 68. Rb6+ Kxa5 69. Rb1 d3 70. Kd4 Na4 71. Kxd3 Nc5+ 72. Kc4
Ne4 1/2-1/2

[Event "BL 0506 Werder Bremen - OSC Baden Baden"]
[Site "?"]
[Date "2006.02.18"]
[Round "10.7"]
[White "Schlosser, Philipp"]
[Black "Fish, Gennadij"]
[Result "1-0"]
[WhiteElo "2560"]
[BlackElo "2550"]
[PlyCount "45"]
[EventDate "2006.??.??"]

1. Nf3 Nf6 2. c4 c5 3. Nc3 e6 4. e4 Nc6 5. Be2 a6 6. O-O Qc7 7. d4 cxd4 8. Nxd4
Nxd4 9. Qxd4 Bd6 10. Kh1 Be5 11. Qe3 O-O 12. f4 Bxc3 13. bxc3 d6 14. Ba3 Rd8
15. Rad1 Ne8 16. e5 dxe5 17. Qxe5 Rd7 18. Kg1 Qxe5 19. fxe5 Rb8 20. c5 f6 21.
c4 Nc7 22. Bf3 fxe5 23. Bb2 1-0

[Event "BL 0506 Werder Bremen - OSC Baden Baden"]
[Site "?"]
[Date "2006.02.18"]
[Round "10.8"]
[White "Schandorff, Lars"]
[Black "Buhmann, Rainer"]
[Result "1-0"]
[WhiteElo "2517"]
[BlackElo "2546"]
[PlyCount "133"]
[EventDate "2006.??.??"]

1. d4 d5 2. c4 c6 3. Nf3 Nf6 4. Nc3 a6 5. c5 Bf5 6. Bf4 Nbd7 7. e3 e6 8. Be2
Be7 9. Nd2 Bg6 10. O-O O-O 11. Rc1 Re8 12. Bg3 Qc8 13. b4 Bd8 14. Nb3 Bc7 15.
Bxc7 Qxc7 16. f3 e5 17. Qd2 h6 18. Rfe1 Re7 19. a4 Nf8 20. b5 axb5 21. axb5
Rae8 22. b6 Qc8 23. Ra1 Qf5 24. Na5 Qg5 25. Red1 Ne6 26. Bf1 h5 27. Ne2 h4 28.
Nb3 Bh5 29. dxe5 Qxe5 30. Ned4 Nf8 31. Re1 Qg5 32. f4 Qg6 33. Bd3 Ne4 34. Bxe4
Qxe4 35. Qc2 Qxc2 36. Nxc2 Bg6 37. Ncd4 Nd7 38. Ra7 Nf6 39. f5 Bh5 40. Na5 Rxe3
41. Rxe3 Rxe3 42. Nxb7 Re1+ 43. Kf2 Rd1 44. Nf3 Ne4+ 45. Ke3 h3 46. g4 Bxg4 47.
Nd6 Bxf3 48. b7 Rb1 49. Ra8+ Kh7 50. b8=Q Rxb8 51. Rxb8 Ng5 52. Nxf7 Nxf7 53.
Kxf3 Ne5+ 54. Kg3 Kh6 55. Re8 Nd3 56. Kh4 g5+ 57. Kxh3 Nxc5 58. Rc8 Ne4 59.
Rxc6+ Kh5 60. Rg6 g4+ 61. Kg2 d4 62. Re6 Ng5 63. Rd6 Nf3 64. Kg3 Kg5 65. f6 Kg6
66. Kxg4 Nxh2+ 67. Kf4 1-0

[Event "BL 0506 SG Köln Porz - SF Katernberg"]
[Site "?"]
[Date "2006.02.18"]
[Round "10.1"]
[White "Volokitin, Andrei"]
[Black "Lutz, Christopher"]
[Result "1-0"]
[WhiteElo "2666"]
[BlackElo "2609"]
[PlyCount "75"]
[EventDate "2006.??.??"]

1. e4 c5 2. Nf3 d6 3. d4 cxd4 4. Nxd4 Nf6 5. Nc3 a6 6. Be2 e6 7. O-O Be7 8. f4
O-O 9. Kh1 Qc7 10. a4 Nc6 11. Be3 Re8 12. Qd2 Bd7 13. Nf3 Rad8 14. Bd3 Bc8 15.
Qe2 Nd7 16. f5 Nf6 17. a5 exf5 18. Bb6 Qb8 19. Bc4 Rd7 20. Ng5 Ne5 21. Rxf5 Bf8
22. Rxf6 gxf6 23. Nd5 Bg7 24. Nh3 Nxc4 25. Qxc4 Rde7 26. Nxe7+ Rxe7 27. Nf4 f5
28. Re1 Bd7 29. Bd4 Qc8 30. Qd3 Bxd4 31. Qxd4 Qc5 32. Qf6 Qe5 33. Qg5+ Kh8 34.
Qh6 Kg8 35. Re3 Re8 36. Rg3+ Kh8 37. Nd3 Qd4 38. c3 1-0

[Event "BL 0506 SG Köln Porz - SF Katernberg"]
[Site "?"]
[Date "2006.02.18"]
[Round "10.4"]
[White "Graf, Alexander"]
[Black "Glek, Igor V"]
[Result "1-0"]
[WhiteElo "2613"]
[BlackElo "2566"]
[PlyCount "119"]
[EventDate "2006.??.??"]

1. d4 Nf6 2. c4 g6 3. Nc3 Bg7 4. e4 d6 5. f3 O-O 6. Be3 c5 7. Nge2 Nc6 8. d5
Ne5 9. Ng3 e6 10. Be2 exd5 11. cxd5 h5 12. Qd2 Nh7 13. Bh6 h4 14. Bxg7 Kxg7 15.
f4 Ng4 16. Nf1 Re8 17. Bxg4 Bxg4 18. Ne3 Bd7 19. Nc4 Bb5 20. Nxb5 Rxe4+ 21. Ne3
Qd7 22. Nc3 Rxe3+ 23. Qxe3 Re8 24. Ne4 Nf6 25. O-O Rxe4 26. Qc3 Qf5 27. Rae1
Qxd5 28. Rxe4 Qxe4 29. f5 gxf5 30. Qd2 Kg6 31. Qxd6 Qe3+ 32. Kh1 Kg5 33. Qd1
Qe5 34. Qd2+ f4 35. Rd1 b6 36. Kg1 Kg6 37. Qd3+ Kg5 38. Qd2 Kg6 39. h3 Kg5 40.
Re1 Ne4 41. Qd8+ Kh5 42. Qd1+ Kh6 43. Qg4 f5 44. Qxh4+ Kg6 45. Qf2 Qd6 46. Qe2
Qd4+ 47. Kh2 Qd6 48. Rd1 Qc7 49. Qf3 c4 50. h4 b5 51. Rd5 b4 52. g4 fxg3+ 53.
Kg2 Qc8 54. h5+ Kf6 55. Qf4 Qe6 56. Qh6+ Kf7 57. Qh7+ Ke8 58. Qxf5 Qxf5 59.
Rxf5 Nd6 60. Rf3 1-0

[Event "BL 0506 SG Köln Porz - SF Katernberg"]
[Site "?"]
[Date "2006.02.18"]
[Round "10.6"]
[White "Hansen, Curt"]
[Black "Siebrecht, Sebastian"]
[Result "1-0"]
[WhiteElo "2607"]
[BlackElo "2485"]
[PlyCount "101"]
[EventDate "2006.??.??"]

1. c4 e5 2. Nc3 Nf6 3. g3 Bb4 4. Nf3 Nc6 5. Bg2 O-O 6. O-O Re8 7. Nd5 Bf8 8. d3
h6 9. e4 d6 10. h3 Nd7 11. b4 Ncb8 12. Be3 c6 13. Nc3 Nf6 14. d4 exd4 15. Nxd4
d5 16. cxd5 Bxb4 17. Nde2 cxd5 18. exd5 Na6 19. Qd3 Bc5 20. Bxc5 Nxc5 21. Qc4
b6 22. Nd4 Ba6 23. Ndb5 Qd7 24. a4 Rac8 25. Qf4 Nb7 26. Rfe1 Bxb5 27. Nxb5
Rxe1+ 28. Rxe1 a6 29. Na7 Re8 30. Rxe8+ Nxe8 31. Nc6 Ned6 32. Nb8 Qe8 33. Nxa6
Qe1+ 34. Kh2 Qa5 35. Nb8 Qc5 36. Nc6 Qc4 37. Qe3 Qc5 38. Qe2 Qc4 39. Qb2 Qc5
40. h4 Nc4 41. Qe2 Nbd6 42. Qe7 g6 43. Kg1 Qa3 44. Qd8+ Kg7 45. Ne7 Qxa4 46.
Qg8+ Kf6 47. Nc6 Qa1+ 48. Kh2 Kf5 49. Ne7+ Kg4 50. f3+ Kh5 51. Kh3 1-0

[Event "BL 0506 SG Köln Porz - SF Katernberg"]
[Site "?"]
[Date "2006.02.18"]
[Round "10.7"]
[White "Souleidis, Georgios"]
[Black "Van den Doel, Erik"]
[Result "1/2-1/2"]
[WhiteElo "2421"]
[BlackElo "2582"]
[PlyCount "119"]
[EventDate "2006.??.??"]

1. e4 e5 2. Nf3 Nc6 3. Bc4 Nf6 4. d3 Be7 5. O-O O-O 6. Bb3 d6 7. c3 Na5 8. Bc2
c5 9. Re1 Nc6 10. Nbd2 Re8 11. h3 h6 12. Nf1 Bf8 13. Ne3 Be6 14. Nh2 d5 15.
Nhg4 d4 16. Nf5 b5 17. Qf3 Nxg4 18. hxg4 Qa5 19. Bd2 dxc3 20. bxc3 Nd4 21. Qd1
Nxc2 22. Qxc2 Qa4 23. Qxa4 bxa4 24. Red1 Red8 25. Be1 Rd7 26. Rd2 Rad8 27. Rad1
g6 28. Ne3 Be7 29. f3 Bg5 30. Kf2 c4 31. d4 exd4 32. Rxd4 Be7 33. Ke2 Bc5 34.
Rxd7 Rxd7 35. Rxd7 Bxd7 36. Nd5 Bb5 37. Bf2 Ba3 38. Bxa7 Bb2 39. Bd4 a3 40. Kd2
Ba4 41. Bc5 Kg7 42. Ne3 Kf6 43. f4 Bc6 44. e5+ Ke6 45. g3 Ba4 46. Bf8 Bb3 47.
Nc2 Bxc2 48. Kxc2 h5 49. gxh5 gxh5 50. Kd2 f6 51. exf6 Kxf6 52. Bb4 Kf5 53. Ke3
Bc1+ 54. Kd4 Kg4 55. Bd6 Bd2 56. f5 Kxf5 57. Bxa3 Ke6 58. Bc5 Be1 59. a4 Bxg3
60. a5 1/2-1/2

[Event "BL 0506 SG Köln Porz - SF Katernberg"]
[Site "?"]
[Date "2006.02.18"]
[Round "10.8"]
[White "Kengis, Edwin"]
[Black "Thesing, Matthias"]
[Result "1-0"]
[WhiteElo "2528"]
[BlackElo "2413"]
[PlyCount "129"]
[EventDate "2006.??.??"]

1. Nf3 Nf6 2. c4 e6 3. g3 b6 4. Bg2 Bb7 5. O-O c5 6. Nc3 a6 7. Re1 d6 8. e4 Be7
9. d4 cxd4 10. Nxd4 Qc7 11. Be3 O-O 12. Rc1 Re8 13. f4 Bf8 14. f5 Nbd7 15. fxe6
fxe6 16. Bh3 Nc5 17. b4 Ncxe4 18. Nxe4 Bxe4 19. Nxe6 Qd7 20. Ng5 Bf5 21. Bg2 d5
22. c5 bxc5 23. bxc5 Rac8 24. Qb3 Kh8 25. Rf1 h6 26. Nf3 Be4 27. Bd4 Qb5 28. c6
Bd3 29. Rfd1 Bc4 30. Qc2 Bc5 31. Kh1 Ne4 32. Bxc5 Qxc5 33. Nd4 Rxc6 34. Bxe4
Rxe4 35. Nxc6 Qxc6 36. Qg2 Qe6 37. Qf3 Be2 38. Qf8+ Kh7 39. Rd2 Bg4 40. Qf2 Re3
41. Kg1 Bf3 42. Rf1 Qe4 43. Rxd5 Bg4 44. Qf4 Qxd5 45. Qxe3 Bh3 46. Qf3 Qxa2 47.
Qe4+ Kg8 48. Rb1 Qe6 49. Rb8+ Kf7 50. Rb7+ Kg8 51. Qxe6+ Bxe6 52. Kf2 Bc4 53.
Ke3 g5 54. Kd4 Bf7 55. Ra7 Bg6 56. Ke5 Bd3 57. Kf6 Kh8 58. Rd7 Bc2 59. Rd2 Be4
60. Rd6 Bc2 61. Rxa6 Bb1 62. g4 Kg8 63. Ra3 Bc2 64. Rc3 Be4 65. h4 1-0

[Event "BL 0506 Godesberger SK - SV Mülheim Nor"]
[Site "?"]
[Date "2006.02.18"]
[Round "10.1"]
[White "Landa, Konstantin"]
[Black "Kasimdzhanov, Rustam"]
[Result "1/2-1/2"]
[WhiteElo "2600"]
[BlackElo "2670"]
[PlyCount "82"]
[EventDate "2006.??.??"]

1. e4 e5 2. Nf3 Nc6 3. Bc4 Bc5 4. c3 Nf6 5. d3 d6 6. Nbd2 O-O 7. O-O a6 8. Bb3
Ba7 9. h3 Nh5 10. Nc4 Qf6 11. Ne3 Nf4 12. Nd5 Nxd5 13. Bxd5 h6 14. Be3 Ne7 15.
Bb3 Ng6 16. d4 Nf4 17. Re1 Re8 18. Kh2 exd4 19. Nxd4 Ng6 20. Qf3 Qxf3 21. Nxf3
Bxe3 22. Rxe3 {(=)} Bd7 23. Rae1 a5 24. e5 Nxe5 25. Nxe5 dxe5 26. Rxe5 Rxe5 27.
Rxe5 Kf8 28. Bd5 c6 29. Bf3 Be6 30. a3 Ke7 31. Kg3 Kd6 32. Re4 a4 33. Rd4+ Kc5
34. Kf4 Bc4 35. Ke3 Re8+ 36. Kd2 b5 37. h4 g5 38. Bd1 Re6 39. g3 Rf6 40. Ke3
Re6+ 41. Re4 f5 1/2-1/2